UM Logo

Philippine political law/ (Record no. 5292)

MARC details
000 -LEADER
fixed length control field 00525nam a22001697a 4500
008 - FIXED-LENGTH DATA ELEMENTS--GENERAL INFORMATION
fixed length control field 161018b xxu||||| |||| 00| 0 eng d
020 ## - INTERNATIONAL STANDARD BOOK NUMBER
International Standard Book Number 9711604914
082 ## - DEWEY DECIMAL CLASSIFICATION NUMBER
Edition number 2002
Classification number DFil 342.599
Item number C88
100 ## - MAIN ENTRY--PERSONAL NAME
9 (RLIN) 16385
Personal name Cruz, Isagani A.
245 ## - TITLE STATEMENT
Title Philippine political law/
Statement of responsibility, etc. Isagani A. Cruz
250 ## - EDITION STATEMENT
Edition statement 2002 edition
260 ## - PUBLICATION, DISTRIBUTION, ETC. (IMPRINT)
Place of publication, distribution, etc. Quezon City:
Name of publisher, distributor, etc. Central Law Book Publishing Co., Inc.,
Date of publication, distribution, etc. c2002.
300 ## - PHYSICAL DESCRIPTION
Extent iii, 529 pages;
Dimensions 24 cm.
650 #0 - SUBJECT ADDED ENTRY--TOPICAL TERM
9 (RLIN) 16386
Topical term or geographic name as entry element Political law
Geographic subdivision Philippines.
365 ## - TRADE PRICE
Price amount 730.00
Currency code Php.
942 ## - ADDED ENTRY ELEMENTS (KOHA)
Source of classification or shelving scheme Dewey Decimal Classification
Koha item type Filipiniana
Holdings
Withdrawn status Lost status Source of classification or shelving scheme Damaged status Not for loan Collection code Home library Current library Shelving location Date acquired Source of acquisition Total Checkouts Full call number Barcode Date last seen Date last checked out Cost, replacement price Price effective from Koha item type
    Dewey Decimal Classification     Filipiniana UM Digos College - LIC UM Digos College - LIC Book Cart 10/08/2003 Purchased 1 DFil 342.599 C88 2002 15225 01/28/2026 01/26/2026 730.00 10/18/2016 Filipiniana